| 000 | 01482nam a2200277 a 4500 | ||
|---|---|---|---|
| 001 | 80209 | ||
| 003 | BD-RjUL | ||
| 005 | 20230118113456.0 | ||
| 008 | 220821s2011 bg ||||| m||| 00| 0 ben d | ||
| 035 | _a(BD-RjUL)80209 | ||
| 040 |
_aBD-RjUL _bben / eng _cBD-RjUL _dBD-RjUL |
||
| 041 | _aben | ||
| 082 |
_a955.0542 _bHUE 2011 _223 |
||
| 100 |
_aহোসেন, মো. জাকির _94415 |
||
| 245 | 0 | 1 |
_aইমাম খোমেনীর রাজনৈতিক চিন্তাধারা ও অধ্যাত্মবাদ / _cমো. জাকির হোসেন ; _6সুপারভাইজার : মো. কামাল উদ্দিন |
| 260 |
_aরাজশাহী : _bভাষা বিভাগ, রাজশাহী বিশ্ববিদ্যালয়, _c২০১১ |
||
| 300 |
_aviii,২৫৩ পাতা ; _c২৯ সেমি. |
||
| 502 | _aথিসিস (পিএইচ. ডি.) -- ভাষা বিভাগ, রাজশাহী বিশ্ববিদ্যালয়, ২০১১ | ||
| 504 | _aগ্রন্থপঞ্জি : পাতা ২৪১-২৫৩ | ||
| 600 |
_aKhomini, Imam _96625 |
||
| 600 |
_aখোমেনী, ইমাম _96626 |
||
| 650 |
_aরাজনৈতিক চিন্তাধারা _94416 _zইরান |
||
| 650 |
_aPolitical thought _94417 _zIran |
||
| 700 |
_aউদ্দিন, মো. কামাল, সুপারভাইজার _94418 |
||
| 942 |
_2ddc _cTHE |
||
| 999 |
_c80209 _d80209 |
||